000 00703cam a2200217 a 4500
001 000015753
005 20200929164137.0
008 730824s1972 sp 000 0 spa
040 _aDO-SdBNP
_bspa
_cLC
_dBNPHU
082 _a070.50946
_bC395e
100 1 _aCendan Pazos, Fernando.
_97772
245 1 0 _aEdición y comercio del libro español 1900-1972 /
_cFernando Cendan Pazos.
260 _aMadrid :
_bNacional,
_c1972.
300 _a445 p. :
_bil. ;
_c22 cm.
490 1 _aEspaña en 3 Tiempos
650 4 _aIndustria del libro
_zEspaña
_935444
650 4 _aComercio editorial
_zEspaña
_935445
830 0 _aEspaña en 3 Tiempos
_935446
910 _aCatalogación por copia / LC
049 _aBNGR
999 _c15303
_d15303